|
|
|
|
| LEADER |
00000naa2a2200000 4500 |
| 001 |
387518 |
| 005 |
20231101063621.0 |
| 035 |
|
|
|a (RuTPU)RU\TPU\prd\17247
|
| 090 |
|
|
|a 387518
|
| 100 |
|
|
|a 20030911a2003 k y0rusy50 ca
|
| 101 |
0 |
|
|a rus
|
| 102 |
|
|
|a RU
|
| 200 |
1 |
|
|a Методология и практика управления инновационной деятельностью (на примере нефтяной промышленности)
|f В. И. Грайфер, В. А. Галустянц, М. М. Виницкий
|
| 225 |
1 |
|
|a Нефтегазовая промышленность
|
| 461 |
|
1 |
|0 (RuTPU)RU\TPU\prd\1638
|x 0028-2448
|t Нефтяное хозяйство
|o научно-технический производственный журнал
|d 1925-1940, 1946-
|
| 463 |
|
1 |
|0 (RuTPU)RU\TPU\prd\16247
|t № 7
|v С. 34-39
|d 2003
|
| 610 |
1 |
|
|a нефтяная промышленность
|
| 610 |
1 |
|
|a практика
|
| 610 |
1 |
|
|a инновационная деятельность
|
| 610 |
1 |
|
|a методология
|
| 610 |
1 |
|
|a управление
|
| 675 |
|
|
|a 338.24:622.276
|v 3
|
| 700 |
|
1 |
|a Грайфер
|b В. И.
|
| 701 |
|
1 |
|a Галустянц
|b В. А.
|
| 701 |
|
1 |
|a Виницкий
|b М. М.
|
| 801 |
|
1 |
|a RU
|b 63413507
|c 20030911
|g PSBO
|
| 801 |
|
2 |
|a RU
|b 63413507
|c 20131028
|g RCR
|
| 942 |
|
|
|c BK
|